<?xml version="1.0" encoding="UTF-8"?><?xml-stylesheet type="text/xsl" href="static/style.xsl"?><OAI-PMH xmlns="http://www.openarchives.org/OAI/2.0/" xmlns:xsi="http://www.w3.org/2001/XMLSchema-instance" xsi:schemaLocation="http://www.openarchives.org/OAI/2.0/ http://www.openarchives.org/OAI/2.0/OAI-PMH.xsd"><responseDate>2026-06-05T14:41:20Z</responseDate><request verb="GetRecord" identifier="oai:riuma.uma.es:10630/39696" metadataPrefix="marc">https://riuma.uma.es/rest/oai/request</request><GetRecord><record><header><identifier>oai:riuma.uma.es:10630/39696</identifier><datestamp>2026-02-03T11:25:42Z</datestamp><setSpec>com_10630_2254</setSpec><setSpec>col_10630_37953</setSpec></header><metadata><record xmlns="http://www.loc.gov/MARC21/slim" xmlns:dcterms="http://purl.org/dc/terms/" xmlns:doc="http://www.lyncode.com/xoai" xmlns:xsi="http://www.w3.org/2001/XMLSchema-instance" xsi:schemaLocation="http://www.loc.gov/MARC21/slim http://www.loc.gov/standards/marcxml/schema/MARC21slim.xsd">
   <leader>00925njm 22002777a 4500</leader>
   <datafield ind2=" " ind1=" " tag="042">
      <subfield code="a">dc</subfield>
   </datafield>
   <datafield ind2=" " ind1=" " tag="720">
      <subfield code="a">Ríos-Moyano, Sonia</subfield>
      <subfield code="e">author</subfield>
   </datafield>
   <datafield ind2=" " ind1=" " tag="720">
      <subfield code="a">Crespillo Marí, Leticia</subfield>
      <subfield code="e">author</subfield>
   </datafield>
   <datafield ind2=" " ind1=" " tag="720">
      <subfield code="a">González Torres, Javier</subfield>
      <subfield code="e">author</subfield>
   </datafield>
   <datafield ind2=" " ind1=" " tag="260">
      <subfield code="c">2023</subfield>
   </datafield>
   <datafield ind2=" " ind1=" " tag="520">
      <subfield code="a">Este ensayo tiene como objetivo el análisis narrativo de las representaciones contemporáneas más paradigmáticas de autómatas, robots, androides/ginoides, cíborgs o replicantes existentes en los ámbitos cinematográfico y televisivo. A través de diferentes técnicas –como el Matte Painting, 3D, VFX, CGI o Motion Capture–, los ejemplos escogidos provocan la más inquietante y desgarradora distopía posible: la del humano-no humano; unos engendros cuyos cuerpos se rinden a la voluntad del propio artificio, tendiendo en algunos casos hacia su transformación final en un complejo algoritmo. Para ello, se han seleccionado una serie de títulos a través de los cuales exploraremos diferentes vías: tanto la trasposición corporal de lo diferente en una serie de universo(s) futuro(s) imaginado(s), como la deconstrucción de la realidad-real, fuente de todo mundo alternativo –metaverso–; así como la disociación de identidades, elemento que supone el primer paso hacia la deconstrucción total del ser, cobrando forma bajo los parámetros narrativos, iconográficos y estéticos del cine. Para ello, se ha optado por la aplicación de una metodología analítico-estructuralista e interpretativa, propia de la disciplina de las artes y las humanidades. Su desarrollo conducirá al planteamiento de una sugestiva conclusión procedente del estudio textual de esas presencias: la existencia de una singular profecía en la que el ser humano, que ya no lo es tanto, puede eternizarse para así vencer su obsolescencia natural y biológica otorgada desde su tradicional nacimiento.</subfield>
   </datafield>
   <datafield ind1="8" ind2=" " tag="024">
      <subfield code="a">Ríos Moyano, Sonia et al. «Narrativas antropológicas de la alteridad maquínica en los albores de las teorías poshumanas y transhumanas. Una primera aproximación desde el cine y las series streaming». Artnodes, 2023, n.º 32, pp. 1-9</subfield>
   </datafield>
   <datafield ind1="8" ind2=" " tag="024">
      <subfield code="a">https://hdl.handle.net/10630/39696</subfield>
   </datafield>
   <datafield ind1="8" ind2=" " tag="024">
      <subfield code="a">10.7238/artnodes.v0i32.411228</subfield>
   </datafield>
   <datafield tag="653" ind2=" " ind1=" ">
      <subfield code="a">Autómatas - En el cine</subfield>
   </datafield>
   <datafield tag="653" ind2=" " ind1=" ">
      <subfield code="a">Comunicación visual</subfield>
   </datafield>
   <datafield tag="653" ind2=" " ind1=" ">
      <subfield code="a">Arte y sociedad</subfield>
   </datafield>
   <datafield ind2="0" ind1="0" tag="245">
      <subfield code="a">Narrativas antropológicas de la alteridad maquínica en los albores de las teorías poshumanas y transhumanas. Una primera aproximación desde el cine y las series streaming</subfield>
   </datafield>
</record>
</metadata></record></GetRecord></OAI-PMH>